000 00754nam a2200193 a 4500
005 20250411063841.0
008 190808s1941 mx r 000 0 spa d
035 _aUPN01000231889
049 _aF
050 4 _aLE7 F5.2
_bE5
110 2 _aUniversidad Nacional Autónoma de México.
_bEscuela Nacional de Medicina Veterinaria
245 1 3 _aLa Escuela Nacional de Medicina Veterinaria :
_bxxv aniversario de su funcionamiento como institucion independiente.
260 _aMéxico :
_bImprenta Universitaria,
_c1941.
300 _a37 p., [14 h.] :
_bil.
610 2 4 _aESCUELA NACIONAL DE MEDICINA VETERINARIA (MEXICO)
_927579
650 4 _aMEDICINA VETERINARIA -
_xESTUDIO Y ENSEÑANZA
_927580
650 4 _aFormación profesional
_99108
905 _aLibro
999 _c203984
_d203984